1566 1245 1086 1768 1601 1670 1143 1825 1941 1325 1407 1127 1609 1120 1440 1748 1666 1515 1102 1265 1220 1743 1029 1113 1059 1372 1969 1916 1662 1910 1754 1107 1650 1170 1905 1454 1371 1490 1765 1371 1042 1289 1241 1588 1241 1004 1154 1414 1734 1557 1019 1764 1208 1791 1858 1796 1904 1911 1291 1047 1997 1527 1163 1957 1525 1536 1524 1936 1554 1705 1888 1310 1587 1937 1720 1410 1035 1868 1879 1096 1336 1949 1932 1592 1610 1896 1798 1289 1427 1261 1210 1863 1610 1445 1554 1892 1173 1750 1725 BCNSPRNW ULIB Ver.6.0+V

เปลี่ยนเป็นภาษาไทย

Change to English
 แสดงรายละเอียดบรรณานุกรม
  กลับหน้าหลัก

Brief Record : Get Marc (ISO 2709) : E-mail record : QR code < ปิดหน้าต่าง
LEADER : 00000nam 2200000uu 4500
001    13399108204
003     ULIB
008    110221s2552||||th 000 0 tha d
020    9789748285221
060 04 WB115^bป445ค 2552
100 0  ปราณี ทู้ไพเราะ
245 10 คู่มือโรค =^bHandbook of diseases /^cปราณี ทู้ไพเราะ
246 31 Handbook of diseases
250    พิมพ์ครั้งที่ 1
260    กรุงเทพฯ :^bNP Press,^c2552
300    522 หน้า ;^c21 ซม.
504    มีบรรณานุกรมและดัชนี
650  7 การวินิจฉัยโรค
650  7 อายุรศาสตร์
945    ^p320^l0^i028874
945    ^p320^l0^i028724
945    ^p320^l0^i028723
945    ^p320^l0^i026170
945    ^p320^l0^i026169
945    ^p320^l0^i026168
945    ^p320^l0^i026166
945    ^p320^l0^i026164
945    ^p320^l0^i026167
945    ^p320^l0^i026165
995    ทศพร
999 ^a 2552ใช้งานได้ทุกระบบ
รายการนี้ยังไม่มีแท็ก
คุณยังไม่ได้ล็อกอิน คุณสามารถมีกิจกรรมร่วมกับเว็บไซต์ได้ แต่ต้องล็อกอินก่อน ::
  ล็อกอิน

รายการสื่อสารสนเทศ

ลำดับที่ ประเภท เลขเรียก/บาร์โค้ด สถานที่ สถานะ
- ไม่พบข้อมูล -

รายการใกล้เคียง
    ผู้แต่ง [ปราณี ทู้ไพเราะ]

    หัวเรื่อง [การวินิจฉัยโรค]
    หัวเรื่อง [อายุรศาสตร์]

BibComment


ยังไม่เคยถูกคอมเมนท์

คอมเมนท์ทรัพยากรรายการนี้
  คอมเมนท์: คู่มือโรค Handbo..


 Copyright 2026. Bcnsprnw @Library